| 000 | 00407cam a2200169ua 4500 | ||
|---|---|---|---|
| 020 | _c21.00 | ||
| 041 |
_aeng _h |
||
| 082 |
_a519.5163 _bDOS/FI |
||
| 100 | _aDospekhor, B A . | ||
| 245 |
_aField experimentation / _cB A Dospekhor. _hTextual Documents |
||
| 260 |
_aMoscow : _bMir publishers , _c1984. |
||
| 300 | _a56 ; . | ||
| 365 | _a21.00 | ||
| 504 | _a | ||
| 942 | _cBK | ||
| 999 |
_c6343 _d6343 |
||